| 000 | 00707nam a2200205 a 4500 | ||
|---|---|---|---|
| 005 | 20210219160517.0 | ||
| 008 | 081109s2000 mx r 000 0 spa d | ||
| 020 | _a9331027328 | ||
| 035 | _aUPN01000167203 | ||
| 049 | _aUNE | ||
| 080 | _aOC 061.2: 373.2 (100) =201991 INT. | ||
| 245 | 0 | 0 | _aInternational directory on the young child and the family environment. |
| 260 | _aParis : UNESCO, 1991. | ||
| 300 | _a326 p. | ||
| 690 | _aDirectorios- Instituciones- Educacion preescolar | ||
| 690 | _aEducacion preescolar- Primera infancia- Asociaciones | ||
| 690 | _aNiƱos de edad preescolar- Instituciones- Directorios | ||
| 710 | 2 | _aYoung Child and the Family Environment Project. | |
| 905 | _aUNESCO | ||
| 999 |
_c139314 _d139314 |
||